Aktuálny vývoj ekonomiky USA a Nemecka Príloha Hospodárskych novín

Posúdenie aktuálneho ekonomického vývoja USA a Nemecka, dvoch najvýraznejšie sa presadzujúcich ekonomík, ktoré rozhodujúcou mierou ovplyvňujú súčasné globálne ekonomické trendy.

Na minha lista:
Detalhes bibliográficos
Autor principal: Oberhauser, Ján Artur
Formato: Capítulo de Livro
Idioma:eslovaco
Assuntos:
Tags: Adicionar Tag
Sem tags, seja o primeiro a adicionar uma tag!

MARC

LEADER 00000naa a2200000 4500
001 r026024
005 20230824090303.7
041 0 |a slo 
044 |a SK 
245 1 0 |a Aktuálny vývoj ekonomiky USA a Nemecka  |b Príloha Hospodárskych novín  |c Ján Artur Oberhauser 
520 |a Posúdenie aktuálneho ekonomického vývoja USA a Nemecka, dvoch najvýraznejšie sa presadzujúcich ekonomík, ktoré rozhodujúcou mierou ovplyvňujú súčasné globálne ekonomické trendy. 
610 2 0 |a USA 
610 2 0 |a Nemecko 
610 2 0 |a 1997 
610 2 0 |a 1998 
610 2 0 |a situácia hospodárska 
610 2 0 |a rast hospodársky 
100 1 |a Oberhauser, Ján Artur